000
00336nam a22001577a 4500
003
SGT
020
_a
9788175156364
082
_a
624.17,PRA
100
_a
PRASAD,V.S
245
_a
STRUCTURAL ANALYSIS
250
_a
3RD
260
_a
NEW DELHI
_b
GALGOTIA
_c
2015
300
_a
546
650
_a
CIVIL ENGINEERING
942
_2
ddc
_c
BK
_0
4
999
_c
18291
_d
18291